Meilleur attaque spe 6g - Statistiques

Statistiques générales
  • Ce quiz a été pris 12 fois
  • Le résultat moyen est 12 sur 17
Statistiques - réponses
Hint Réponse % Correct
131 xerneas
100%
131 yveltal
100%
114 goupelin
86%
103 amphinobi
71%
100 diancie
71%
112 florges
71%
120 gamblast
71%
150 hoopa
71%
170 hoopa dechainee
71%
160 mega diancie
71%
110 muplodocus
71%
110 nymphali
71%
153 sachanobi
71%
130 volcanion
71%
140 exagide
57%
109 nemelios
57%
109 iguolta
43%
Aucun quiz correspondant
Distribution des résultats
% des personnes avec chaque résultat
Percentile par nombre de réponses
Votre historique - résultats
Vous n’avez pas pris ce quiz